LEADER 01344nam0 22003011i 450 001 UON00018807 005 20231205102008.85 100 $a20020107d1965 |0itac50 ba 101 $aeng 102 $aUS 105 $a|||| 1|||| 200 1 $aZoroaster$eThe Prophet of Ancient Iran$fby A.V. Williams Jackson 210 $aNew York $cAMS Press$d1965 xxii$d312 p., 1 c. di tav. ; 23 cm 215 $aRipr. facs. dell'ed.: Columbia University Press, 1898 606 $aZOROASTRISMO$xZOROASTRO$xVITA E INSEGNAMENTI$3UONC005101$2FI 606 $aZOROASTRISMO$xORIGINI$3UONC005640$2FI 620 $aUS$dNew York$3UONL000050 686 $aIR VII A$cIRAN ANTICO - FILOSOFIA E RELIGIONE - ZOROASTRISMO$2A 700 1$aJACKSON$bAbraham Valentine Williams$3UONV002945$0637438 712 $aAMS Press$3UONV246591$4650 790 1$aWILLIAMS JACKSON, Abraham Valentine$zJACKSON, Abraham Valentine Williams$3UONV013602 801 $aIT$bSOL$c20240220$gRICA 899 $aSIBA - SISTEMA BIBLIOTECARIO DI ATENEO$2UONSI 912 $aUON00018807 950 $aSIBA - SISTEMA BIBLIOTECARIO DI ATENEO$dSI IR VII A 038 $eSI MR 82917 6 038 966 $aZOROASTRO$zZOROASTRISMO - ZOROASTRO - VITA E INSEGNAMENTI$3UONC005644 996 $aZoroaster$91197674 997 $aUNIOR LEADER 02451nas 2200721- 450 001 9910136674403321 005 20230222213018.0 011 $a2204-0064 024 8 $aISSN/AUG2018 035 $a(DE-599)ZDB2454188-6 035 $a(OCoLC)60615973 035 $a(CKB)110978984351559 035 $a(CONSER)--2009267009 035 $a(EXLCZ)99110978984351559 100 $a20050614a19939999 s-- - 101 0 $aeng 135 $aur||||||||||| 181 $ctxt$2rdacontent 182 $cc$2rdamedia 183 $acr$2rdacarrier 200 14$aThe Australian feminist law journal 210 1$aParkville, Vic. :$cAustralian Feminist Law Foundation,$d1993- 210 31$a[Nathan, Queensland, Australia] :$cSocio-Legal Research Centre, Griffith University 215 $a1 online resource 300 $aRefereed/Peer-reviewed 311 $a1320-0968 517 1 $aAust. feminist l. j. 517 1 $aAust. fem. law j. 531 $aAUSTRALIAN FEMINIST LAW JOURNAL 606 $aWomen$xLegal status, laws, etc$zAustralia$vPeriodicals 606 $aFeminism$zAustralia$vPeriodicals 606 $aFeminism$vPeriodicals 606 $aSex discrimination against women$vPeriodicals 606 $aFemmes$xDroit$zAustralie$vPériodiques 606 $aFéminisme$zAustralie$vPériodiques 606 $aFéminisme$vPériodiques 606 $aDiscrimination à l'égard des femmes$vPériodiques 606 $aFeminism$2fast$3(OCoLC)fst00922671 606 $aSex discrimination against women$2fast$3(OCoLC)fst01114376 606 $aWomen$xLegal status, laws, etc$2fast$3(OCoLC)fst01176824 607 $aAustralia$2fast 608 $aPeriodicals. 608 $aPeriodicals.$2fast 608 $aPeriodicals.$2lcgft 610 $aAustralian 615 0$aWomen$xLegal status, laws, etc. 615 0$aFeminism 615 0$aFeminism 615 0$aSex discrimination against women 615 6$aFemmes$xDroit 615 6$aFéminisme 615 6$aFéminisme 615 6$aDiscrimination à l'égard des femmes 615 7$aFeminism. 615 7$aSex discrimination against women. 615 7$aWomen$xLegal status, laws, etc. 676 $a346.940134 712 02$aAustralian Feminist Law Foundation, 712 02$aGriffith University.$bSocio-Legal Research Centre, 906 $aJOURNAL 912 $a9910136674403321 996 $aThe Australian feminist law journal$91913971 997 $aUNINA